Nubia : sketches, notes, and photographs /
محفوظ في:
المؤلف الرئيسي:
التنسيق: كتاب
اللغة: Undetermined
منشور في:
London :
Scorpion Pub.,
1994.
الوسوم: إضافة وسم
لا توجد وسوم, كن أول من يضع وسما على هذه التسجيلة!
رقم الطلب: N7153 .V45 A4
| LEADER | 00538nam a2200145Ia 4500 | ||
|---|---|---|---|
| 008 | 220401s9999||||xx |||||||||||||| ||und|| | ||
| 020 | |a 905906713 | ||
| 050 | 4 | |a N7153 .V45 A4 | |
| 100 | 1 | |a Veillon, Margo | |
| 245 | 1 | 0 | |a Nubia : |b sketches, notes, and photographs / |c Margo Veillon. |
| 264 | 1 | |a London : |b Scorpion Pub., |c 1994. | |
| 300 | |a 168p. : |b ill. (chiefly col.) ; |c 31cm. | ||
| 942 | |2 lcc |c BK | ||
| 952 | |0 0 |1 0 |2 lcc |4 0 |6 N7153 V45 A4 |7 1 |9 39238 |a ARCE |b ARCE |d 2022-04-01 |l 0 |o N7153 .V45 A4 |p 1001195 |r 2022-04-01 00:00:00 |w 2022-04-01 |y BK | ||
| 999 | |c 46819 |d 46819 | ||
